Sem atlas of cells and tissues

সংরক্ষণ করুন:
গ্রন্থ-পঞ্জীর বিবরন
বিন্যাস: গ্রন্থ
ভাষা:Undetermined
প্রকাশিত: Tokyo, Japan Igaku-Shoin 1981
বিষয়গুলি:
ট্যাগগুলো: ট্যাগ যুক্ত করুন
কোনো ট্যাগ নেই, প্রথমজন হিসাবে ট্যাগ করুন!
Thư viện lưu trữ: Trung tâm Học liệu Trường Đại học Cần Thơ
LEADER 00437nam a2200157Ia 4500
001 CTU_26547
008 210402s9999 xx 000 0 und d
082 |a 610.28 
082 |b S471 
245 0 |a Sem atlas of cells and tissues 
260 |a Tokyo, Japan 
260 |b Igaku-Shoin 
260 |c 1981 
650 |a cytology - atlases,histology - atlases 
904 |i Minh, 981013 
980 |a Trung tâm Học liệu Trường Đại học Cần Thơ